The ten greatest chapters in the Bible. (Record no. 3828)

000 -LEADER
fixed length control field 00565nam a2200181 a 4500
001 - CONTROL NUMBER
control field :::00001563$&:&@@
003 - CONTROL NUMBER IDENTIFIER
control field OkBaRHE
005 - DATE AND TIME OF LATEST TRANSACTION
control field 20000607103244.0
008 - FIXED-LENGTH DATA ELEMENTS--GENERAL INFORMATION
fixed length control field s1924 j 000 0 eng u
040 ## - CATALOGING SOURCE
Transcribing agency
100 1# - MAIN ENTRY--PERSONAL NAME
Personal name Massee, J. C. (Jasper Cortenus), 1871-
245 14 - TITLE STATEMENT
Title The ten greatest chapters in the Bible.
260 ## - PUBLICATION, DISTRIBUTION, ETC. (IMPRINT)
Place of publication, distribution, etc New York, NY., :
Name of publisher, distributor, etc George H. Doran Co.
Date of publication, distribution, etc c1924
300 ## - PHYSICAL DESCRIPTION
Extent 151 p. ;
Dimensions 19 cm.
650 ## - SUBJECT ADDED ENTRY--TOPICAL TERM
Topical term or geographic name as entry element Bible
General subdivision Study
942 ## - ADDED ENTRY ELEMENTS (KOHA)
Source of classification or shelving scheme
Koha item type Books
Copies
Lost status Permanent Location Full call number Price effective from Barcode Koha item type Shelving location Not for loan Date last seen Date acquired Copy number Damaged status Withdrawn status Source of classification or shelving scheme
 RHEMA Bible Training CollegeBS 600 .M3T42010-04-141563BooksGeneral Stacks 2010-04-142010-04-141